Normal view
MARC view
- Data protection
Entry Topical Term
001 - CONTROL NUMBER
- control field: 95584
003 - CONTROL NUMBER IDENTIFIER
- control field: NUST
005 - DATE AND TIME OF LATEST TRANSACTION
- control field: 20220728102049.0
008 - FIXED-LENGTH DATA ELEMENTS
- fixed length control field: 220728|| aca||aabn | a|a d
040 ## - CATALOGING SOURCE
- Original cataloging agency: NUST
- Transcribing agency: NUST
150 ## - HEADING--TOPICAL TERM
- Topical term or geographic name entry element: Data protection
- General subdivision: Law and legislation
- Geographic subdivision: United States
670 ## - SOURCE DATA FOUND
- Source citation: Work cat.: (NUST)218187: Grama, Joanna Lyn, 95583, Legal issues in information security /
